Tributación de las ganancias del capital en España / (Record no. 189960)

MARC details
000 -LEADER
campo de control de longitud fija 00715nam a2200193 i 4500
001 - NÚMERO DE CONTROL
campo de control 189960
003 - IDENTIFICADOR DE NÚMERO DE CONTROL
campo de control ES-MaACL
005 - FECHA Y HORA DE LA ÚLTIMA TRANSACCIÓN
campo de control 20250911063610.0
008 - DATOS DE LONGITUD FIJA--INFORMACIÓN GENERAL
campo de control de longitud fija 200224s1970 sp |||| | spa d
100 1# - ENTRADA PRINCIPAL--NOMBRE DE PERSONA
Nombre de persona Albiñana García-Quintana, César,
Fechas asociadas al nombre 1920-2007
9 (RLIN) 19384
245 10 - MENCIÓN DEL TÍTULO
Título Tributación de las ganancias del capital en España /
Mención de responsabilidad, etc. C. Albiñana.
260 ## - PUBLICACIÓN, DISTRIBUCIÓN, ETC.
Lugar de publicación, distribución, etc. Madrid :
Nombre del editor, distribuidor, etc. Guadiana de Publicaciones,
Fecha de publicación, distribución, etc. 1970.
300 ## - DESCRIPCIÓN FÍSICA
Extensión 276 p. ;
Dimensiones 18 cm.
490 1# - MENCIÓN DE SERIE
Mención de serie Colección Biblioteca Universitaria de Economía ;
Designación de volumen o secuencia 19
650 ## - PUNTO DE ACCESO ADICIONAL DE MATERIA--TÉRMINO DE MATERIA
Término de materia o nombre geográfico como elemento de entrada Capital-
Subdivisión general Impuestos-
Subdivisión geográfica España.
9 (RLIN) 169709
830 0# - PUNTO DE ACCESO ADICIONAL DE SERIE-TÍTULO UNIFORME
Título uniforme Colección Biblioteca Universitaria de Economía ;
Designación de volumen o secuencia 19
9 (RLIN) 176868
852 ## - LOCALIZACIÓN
Ubicación ES-MaACL
Número de control de estantería P-1352-17
Holdings
Estatus retirado Estado de pérdida Estado de daño No para préstamo Biblioteca de origen Biblioteca actual Ubicación en estantería Fecha de adquisición Fuente de adquisición Total de préstamos Signatura topográfica completa Código de barras Visto por última vez Precio de reemplazo Tipo de ítem Koha
        Biblioteca del Ateneo de Madrid Biblioteca del Ateneo de Madrid Depósito 2 14/05/2005     P-1352-17 1201597 23/02/2023 23/02/2023 Libro impreso